000 00506nam a2200193 4500
003 OSt
005 20260601171021.0
008 260520b\\\\\\\\||||||||\||||\00|\0\eng\d
040 _aICI
_bspa
_cICI
_erda
050 _aHF5415.32
_b.M85
100 _aKeikaku, Ryonhin
_eautor
_934656
245 _aMujilife 06/07
264 _aJapón
_bKeikaku, Ryonhin
_c2007
300 _a143 páginas
336 _2rdacontent
_atexto
337 _2rdamedia
_asin medio
338 _2rdacarrier
_avolumen
942 _2lcc
_n1
_cB
999 _c20886
_d20886